CONSUMER BEHAVIOUR (Record no. 14268)

MARC details
000 -LEADER
fixed length control field 00287nam a22001457a 4500
003 - CONTROL NUMBER IDENTIFIER
control field SGT
020 ## - INTERNATIONAL STANDARD BOOK NUMBER
International Standard Book Number 658.83
082 ## - DEWEY DECIMAL CLASSIFICATION NUMBER
Classification number SCH
100 ## - MAIN ENTRY--PERSONAL NAME
Personal name SCHIFFMAN, LEON G.
245 ## - TITLE STATEMENT
Title CONSUMER BEHAVIOUR
250 ## - EDITION STATEMENT
Edition statement 11TH
260 ## - PUBLICATION, DISTRIBUTION, ETC. (IMPRINT)
Place of publication, distribution, etc PEARSON INDI
Year of Publication 2018
300 ## - PAGE DESCRIPTION
No. of Pages 508
942 ## - ADDED ENTRY ELEMENTS (KOHA)
Source of classification or shelving scheme Dewey Decimal Classification
Koha item type Books
942 ## - ADDED ENTRY ELEMENTS (KOHA)
-- 7
Holdings
Withdrawn status Lost status Source of classification or shelving scheme Damaged status Not for loan Collection code Home library Current library Shelving location Date acquired Vendor Name Cost, normal purchase price SGTU Bill Number Total Checkouts Full call number Accession No. (Barcode) Date last seen Date last borrowed Bill Date Koha item type
    Dewey Decimal Classification     COMMERCE MANAGEMENT SGT Science & Social Sciences Library SGT Science & Social Sciences Library Text Book 27/12/2017 AHUJA BOOKS 749.00 SGTU 9088 3 SCH CM3946 02/04/2022 30/03/2022   Books
    Dewey Decimal Classification     COMMERCE MANAGEMENT SGT Science & Social Sciences Library SGT Science & Social Sciences Library Text Book 27/12/2017 AHUJA BOOKS 749.00 SGTU 9088 3 SCH CM3947 20/12/2022 20/12/2022   Books
    Dewey Decimal Classification     COMMERCE MANAGEMENT SGT Science & Social Sciences Library SGT Science & Social Sciences Library Text Book 27/12/2017 AHUJA BOOKS 749.00 SGTU 9088   SCH CM3948 27/12/2017     Books
    Dewey Decimal Classification     COMMERCE MANAGEMENT SGT Science & Social Sciences Library SGT Science & Social Sciences Library Text Book 27/12/2017 AHUJA BOOKS 749.00 SGTU 9088   SCH CM3949 27/12/2017     Books
    Dewey Decimal Classification     COMMERCE MANAGEMENT SGT Science & Social Sciences Library SGT Science & Social Sciences Library Text Book 27/12/2017 AHUJA BOOKS 749.00 SGTU 9088 2 SCH CM3950 20/10/2022 11/10/2022   Books